01049pam a2200301 a 4500001000800000005001700008008004100025010001700066020001500083020002200098040001800120041001100138050002100149082001600170100001200186240002600198245005400224260006400278300002700342440003900369500005400408500002200462504004100484650003800525700002400563856007400587856008600661245142220200421093817.0890313s1989 enk 001 0 grc  a 89001041  a0521264359 a0521269881 (pbk.) aDLCcDLCdDLC0 agrceng00aPA4241b.A3 198900a885/.012200 aLysias.10aSpeeches.kSelections10aSelected speeches /cLysias ; edited by C. Carey. aCambridge ;aNew York :bCambridge University Press,c1989. axiii, 230 p. ;c20 cm. 0aCambridge Greek and Latin classics aText in Greek; introd. and commentary in English. aIncludes indexes. aIncludes bibliographical references. 0aSpeeches, addresses, etc., Greek.1 aCarey, Christopher.413Table of contentsuhttp://www.loc.gov/catdir/toc/cam023/89001041.html423Publisher descriptionuhttp://www.loc.gov/catdir/description/cam023/89001041.html